Modelo por inyección (Record no. 12270)
[ view plain ]
| 000 -CABECERA | |
|---|---|
| campo de control de longitud fija | 00596nam a2200217 4500 |
| 003 - IDENTIFICADOR DEL NÚMERO DE CONTROL | |
| campo de control | OSt |
| 005 - FECHA Y HORA DE LA ÚLTIMA TRANSACCIÓN | |
| campo de control | 20260530113915.0 |
| 008 - DATOS DE LONGITUD FIJA--INFORMACIÓN GENERAL | |
| campo de control de longitud fija | 260508b1975 |||ade|| |||| 001 0 spa d |
| 020 ## - NÚMERO INTERNACIONAL ESTÁNDAR DEL LIBRO | |
| Número Internacional Estándar del Libro | 8472140644 |
| 040 ## - FUENTE DE LA CATALOGACIÓN | |
| Centro catalogador/agencia de origen | ICI |
| Lengua de catalogación | spa |
| Centro/agencia transcriptor | ICI |
| Normas de descripción | rda |
| 050 ## - SIGNATURA TOPOGRÁFICA DE LA BIBLIOTECA DEL CONGRESO | |
| Número de clasificación | TP1150 |
| Número de documento/Ítem | .M63 |
| 100 ## - ENTRADA PRINCIPAL--NOMBRE DE PERSONA | |
| Nombre de persona | Anguita Delgado, Ramon |
| Término indicativo de función/relación | autor |
| 9 (RLIN) | 34009 |
| 245 ## - MENCIÓN DE TÍTULO | |
| Título | Modelo por inyección |
| Resto del título | Parte 1a Teoria y equipos |
| 250 ## - MENCIÓN DE EDICIÓN | |
| Mención de edición | Parte 1a |
| 264 ## - PRODUCCIÓN, PUBLICACIÓN, DISTRIBUCIÓN, FABRICACIÓN Y COPYRIGHT | |
| Producción, publicación, distribución, fabricación y copyright | España |
| Nombre del de productor, editor, distribuidor, fabricante | Editorial Blume |
| Fecha de producción, publicación, distribución, fabricación o copyright | 1975 |
| 300 ## - DESCRIPCIÓN FÍSICA | |
| Extensión | 232 páginas |
| 336 ## - TIPO DE CONTENIDO | |
| Fuente | rdacontent |
| Término de tipo de contenido | texto |
| 337 ## - TIPO DE MEDIO | |
| Fuente | rdamedia |
| Nombre/término del tipo de medio | sin medio |
| 338 ## - TIPO DE SOPORTE | |
| Fuente | rdacarrier |
| Nombre/término del tipo de soporte | volumen |
| 942 ## - ELEMENTOS DE PUNTO DE ACCESO ADICIONAL (KOHA) | |
| Fuente del sistema de clasificación o colocación | Library of Congress Classification |
| Suprimir en OPAC | 1 |
| Tipo de ítem Koha | |
No items available.